Najbogatsze państwa graniczące ze sobą - Statystyki

Ogólne statystyki
  • Ten quiz został rozwiązany 30 892 razy
    2 091 od ostatniego zresetowania
  • Średni wynik to 18 z 21
Statystyki odpowiedzi
Państwo % Poprawnych
Niemcy
98%
Francja
97%
Stany Zjednoczone
96%
Kanada
94%
Szwajcaria
94%
Austria
93%
Włochy
93%
Belgia
92%
Holandia
92%
Luksemburg
90%
Liechtenstein
88%
Dania
87%
Monako
83%
Norwegia
79%
Szwecja
79%
San Marino
78%
Finlandia
77%
Wielka Brytania
73%
Irlandia
69%
Arabia Saudyjska
60%
Katar
58%
Nie znaleziono quizów pasujących do podanych kryteriów
Rozkład punktacji
Procent ludzi z każdym wynikiem
Percentyl według liczby udzielonych odpowiedzi
Twoja historia wyników
Nie rozwiązałeś tego quizu od ostatniego zresetowania